Dzieje ksiegi Barucha. [The history of the Book of Baruch]

Saved in:  
Bibliographic Details
Main Author: Wojciechowski, Michał 1953- (Author)
Format: Print Article
Language:Polish
Check availability: HBZ Gateway
Interlibrary Loan:Interlibrary Loan for the Fachinformationsdienste (Specialized Information Services in Germany)
Published: 2015
In: Collectanea theologica
Year: 2015, Volume: 85, Issue: 1, Pages: 51-66
IxTheo Classification:HB Old Testament
Further subjects:B Jeremiah

MARC

LEADER 00000naa a22000002c 4500
001 1650638620
003 DE-627
005 20190311230257.0
007 tu
008 190311s2015 xx ||||| 00| ||pol c
035 |a (DE-627)1650638620 
035 |a (DE-576)51991595X 
035 |a (DE-599)BSZ51991595X 
040 |a DE-627  |b ger  |c DE-627  |e rakwb 
041 |a pol 
084 |a 1  |2 ssgn 
100 1 |0 (DE-588)1054652945  |0 (DE-627)791688186  |0 (DE-576)17722570X  |4 aut  |a Wojciechowski, Michał  |d 1953- 
109 |a Wojciechowski, Michał 1953-  |a Wojciechowski, Michał Jerzy 1953- 
245 1 0 |a Dzieje ksiegi Barucha. [The history of the Book of Baruch] 
264 1 |c 2015 
336 |a Text  |b txt  |2 rdacontent 
337 |a ohne Hilfsmittel zu benutzen  |b n  |2 rdamedia 
338 |a Band  |b nc  |2 rdacarrier 
630 0 7 |0 (DE-588)4004602-3  |0 (DE-627)10638502X  |0 (DE-576)208856854  |a Bibel  |p Baruch  |2 gnd 
652 |a HB 
773 0 8 |i In  |t Collectanea theologica  |d Warszawa : Wydawn. Uniwersytetu Kardynała Stefana Wyszyńskiego, 1931  |g 85(2015), 1, Seite 51-66  |w (DE-627)129888346  |w (DE-600)301639-0  |w (DE-576)015190900  |x 0585-5594  |7 nnas 
773 1 8 |g volume:85  |g year:2015  |g number:1  |g pages:51-66 
935 |a BIIN 
951 |a AR 
BIB |a 1 
BIR |a 75000000_75999999  |b biblesearch 
ELC |b 1 
ITA |a 1  |t 1 
LOK |0 000 xxxxxcx a22 zn 4500 
LOK |0 001 3337637868 
LOK |0 003 DE-627 
LOK |0 004 1650638620 
LOK |0 005 20190311230257 
LOK |0 008 190311||||||||||||||||ger||||||| 
LOK |0 035   |a (DE-Tue135-1)241801 
LOK |0 040   |a DE-Tue135-1  |c DE-627  |d DE-Tue135-1 
LOK |0 852   |a DE-Tue135-1 
LOK |0 852 1  |c SJ056800/85/WIM  |m p  |9 00 
LOK |0 852 2  |b SJ Z 243  |9 00 
LOK |0 935   |a iZSA 
LOK |0 936ln  |0 1442044128  |a HB 
LOK |0 938   |k p 
LOK |0 939   |a 11-03-19  |b l12 
ORI |a SA-MARC-ixtheoa001.raw 
SUB |a BIB 
SYD 0 0 |a Sefer Barukh